nitrogen Nutrition in plant productivity (Record no. 8373)

MARC details
000 -LEADER
fixed length control field 00469nam a22001817a 4500
003 - CONTROL NUMBER IDENTIFIER
control field OSt
005 - DATE AND TIME OF LATEST TRANSACTION
control field 20211001105118.0
008 - FIXED-LENGTH DATA ELEMENTS--GENERAL INFORMATION
fixed length control field 211001b |||||||| |||| 00| 0 eng d
020 ## - INTERNATIONAL STANDARD BOOK NUMBER
International Standard Book Number 1933699000
040 ## - CATALOGING SOURCE
Transcribing agency TRACE ELEMENTS IN MAN AND ANIMALS -9
050 ## - LIBRARY OF CONGRESS CALL NUMBER
Classification number 572.542/NIT
Item number 5
082 ## - DEWEY DECIMAL CLASSIFICATION NUMBER
Classification number 572.542/NIT
Item number 5
100 ## - MAIN ENTRY--PERSONAL NAME
Personal name Singh Rana P.
9 (RLIN) 9027
245 ## - TITLE STATEMENT
Title nitrogen Nutrition in plant productivity
260 ## - PUBLICATION, DISTRIBUTION, ETC.
Name of publisher, distributor, etc. u.s.a.
Date of publication, distribution, etc. 2006
300 ## - PHYSICAL DESCRIPTION
Extent xiv/388
942 ## - ADDED ENTRY ELEMENTS (KOHA)
Source of classification or shelving scheme Dewey Decimal Classification
Koha item type Books like text book referance book
Suppress in OPAC No
Holdings
Withdrawn status Lost status Source of classification or shelving scheme Damaged status Not for loan Home library Current library Date acquired Total Checkouts Full call number Barcode Date last seen Copy number Price effective from Koha item type
    Dewey Decimal Classification     College of Agriculture Library College of Agriculture Library 10/01/2021   572.542/NIT ALIB0012724 10/01/2021 1 10/01/2021 Books like text book referance book
    Dewey Decimal Classification     College of Agriculture Library College of Agriculture Library 10/01/2021   572.542/NIT ALIB0012725 10/01/2021 2 10/01/2021 Books like text book referance book
    Dewey Decimal Classification     College of Agriculture Library College of Agriculture Library 10/01/2021   572.542/NIT ALIB0012726 10/01/2021 3 10/01/2021 Books like text book referance book
    Dewey Decimal Classification     College of Agriculture Library College of Agriculture Library 10/01/2021   572.542/NIT ALIB0012727 10/01/2021 4 10/01/2021 Books like text book referance book
    Dewey Decimal Classification     College of Agriculture Library College of Agriculture Library 10/01/2021   572.542/NIT ALIB0012728 10/01/2021 5 10/01/2021 Books like text book referance book